| 000 | 00556nam a22001697a 4500 | ||
|---|---|---|---|
| 003 | OSt | ||
| 005 | 20171010095449.0 | ||
| 008 | 120625t xxu||||| |||| 00| 0 eng d | ||
| 040 |
_aMMSU _cULS |
||
| 100 |
_aAmal. Muslimah L., et al. _910673 |
||
| 245 |
_aOn the Job Training (OJT in Agronomy _cMuslimah L. Amal, et al. |
||
| 260 | _c2008 | ||
| 300 |
_a[xxiii], [115] leaves _c28 cm. |
||
| 500 | _aThesis (BS Agriculture-Agronomy) -- Mariano Marcos State University-College of Agriculture, Batac City | ||
| 504 | _aBibliography: None | ||
| 942 |
_2ddc _cTHEDIS |
||
| 999 |
_c9592 _d9592 |
||